000 02240cas a2200625 a 4500
001 data
005 20260322212118.0
008 data
010 _asn 86009640
016 7 _a000264515
_2IsJJNL
016 7 _a008527254
_2Uk
019 _a241308793
022 _a0071-4038
_2z
023 0 _a0071-4038
_2z
029 1 _aAU@
_b000000945564
035 _a(OCoLC)2261026
040 _aPIT
_beng
_cPIT
_dOCLCQ
_dMUL
_dIUL
_dAIP
_dZCU
_dHLS
_dWAU
_dOCLCQ
_dDLC
_dOCLCQ
_dJ9U
_dUKMGB
_dIUL
_dOCLCF
_dOCL
_dOCLCQ
_dOCLCL
_dOCLCQ
041 0 _arus
_afre
_ager
_arus
042 _apcc
_apcc
043 _ae-pl---
050 0 0 _aD1
_b.F27
050 1 4 _aDK4010
_b.F37
082 2 _a943.8
_1https://id.oclc.org/worldcat/ddc/E3jjGTFxVywTKkFfrcvbghpQjy
210 0 _aFasc. hist.
222 0 _aFasciculi historici
245 0 0 _aFasciculi historici.
260 _aWarszawa :
_bWydawn. Uniwersytetu Warszawskiego,
_c1968-1990.
300 _a16 volumes ;
_c25 cm
336 _atext
_btxt
_2rdacontent
337 _aunmediated
_bn
_2rdamedia
338 _avolume
_bnc
_2rdacarrier
362 0 _a1-16.
500 _aSome volumes lack distinctive title.
546 _aIn English, French, German, or Russian.
550 _aIssued by Instytut Historyczny of Uniwersytet Warszawski.
650 0 _aHistory.
650 7 _aHistory
_2fast
_0(OCoLC)fst00958235
651 0 _aPoland
_xHistory.
651 7 _aPoland.
_2fast
_0(OCoLC)fst01206891
_1https://id.oclc.org/worldcat/entity/E39QbtfRgyP3qcDKmj68x7FVbM
655 7 _aHistory.
_2fast
_0(OCoLC)fst01411628
710 2 _aUniwersytet Warszawski.
_bInstytut Historyczny.
776 0 8 _iOnline version:
_tFasciculi historici
_w(OCoLC)557502368
776 0 8 _iOnline version:
_tFasciculi historici
_w(OCoLC)608128913
785 0 0 _tFasciculi historici novi
_x1505-0106
_w(OCoLC)40530951
_w(OCoLC)40530951
906 _a7
_bcbc
_cserials
_d2
_encip
_f20
_gn-oclcserc
925 0 _aAcquire
_b1 shelf copy
_xpolicy default
249 0 4 _iKnown in ACQUIRE as:
_aFascisculi historici
590 _aEnglish, French, or German.
592 _aACQN: aq 96005326
592 _a1-13(87) [11-12;14-16 (last issue) on MUMS!
920 _aKeep 1
991 _bc-GenColl
_hD1.F27
_wSERLOC
999 _c1785
_d1785